Introduction a la logique /
Guardado en:
| Autor Principal: | |
|---|---|
| Otros Autores: | |
| Formato: | Libro |
| Idioma: | French English Polish |
| Publicado: |
Paris :
Gauthier-Villars,
1960.
|
| Series: | Collection de logique mathématique.
v. 16 |
| Etiquetas: |
Agregar Etiqueta
Sin Etiquetas, Sea el primero en etiquetar este registro!
|
| LEADER | 00882nam a22002295a 4500 | ||
|---|---|---|---|
| 001 | MAT.inmabb002463 | ||
| 008 | 040902s1960####fr#######b####001#0#fre#d | ||
| 005 | 20180612143548.0 | ||
| 245 | 1 | 0 | |a Introduction a la logique / |c par Alfred Tarski ; traduit de l'anglais par Jacques Tremblay. |
| 260 | |a Paris : |b Gauthier-Villars, |c 1960. | ||
| 300 | |a xv, 224 p. ; |c 24 cm. | ||
| 440 | 0 | |a Collection de logique mathématique. |n Série A ; |v v. 16 | |
| 500 | |a Traducción de: O logice matematyczne i metodzie deduckyjnej. Lwow, 1936. | ||
| 504 | |a Bibliografía: p. 203-206. | ||
| 510 | 4 | |a MR, |c 2,209a |3 (de la versión original) | |
| 100 | 1 | |a Tarski, Alfred. | |
| 240 | 1 | 0 | |a O logice matematyczne i metodzie dedukcyjnej. |l Francés |
| 700 | 1 | |a Tremblay, Jacques. |4 trl | |
| 084 | |a 03Bxx (03-01) |2 msc2000 | ||
| 040 | |a AR-BbIMB | ||
| 041 | 1 | |a fre |h eng |h pol | |
| 859 | |h 03 |i T193if |p A-8135 |b BIB. MATEMATICA | ||
